1988 Population Census: (Record no. 6770)

000 -LEADER
fixed length control field 00413nam a22001217a 4500
008 - FIXED-LENGTH DATA ELEMENTS--GENERAL INFORMATION
fixed length control field 200325b ||||| |||| 00| 0 eng d
082 ## - DEWEY DECIMAL CLASSIFICATION NUMBER
Classification number 312 UNI
245 ## - TITLE STATEMENT
Title 1988 Population Census:
Remainder of title Preliminary report/
Statement of responsibility, etc. Ministry of Finance, Economic Affairs and Planning.-
Medium English.
260 ## - PUBLICATION, DISTRIBUTION, ETC. (IMPRINT)
Place of publication, distribution, etc. Dar Es Salaam:
Name of publisher, distributor, etc. Bureau of Statistics,
Date of publication, distribution, etc. 1988.
300 ## - PHYSICAL DESCRIPTION
Extent 201p;
Other physical details ill;
Dimensions 29cm.-
650 ## - SUBJECT ADDED ENTRY--TOPICAL TERM
Source of heading or term POPULATION CENSUS
942 ## - ADDED ENTRY ELEMENTS (KOHA)
Source of classification or shelving scheme
Koha item type BOOKS

No items available.

IRDP © 2019 :: Managed by IRDP ICT Unit